[Event "Aurora Spring op U2000"]
[Site "Aurora"]
[Date "2018.03.25"]
[Round "4.8"]
[White "Crnilovic, Grisha"]
[Black "Hannah, Brandon"]
[Result "0-1"]
[WhiteElo "1542"]
[BlackElo "1777"]
[PlyCount "53"]
[EventDate "2018.03.24"]
[EventType "swiss"]
[EventRounds "5"]
[EventCountry "CAN"]
[SourceTitle "EXT 2022"]
[Source "ChessBase"]
[SourceDate "2021.10.06"]
[SourceVersion "1"]
[SourceVersionDate "2021.10.06"]
[SourceQuality "1"]

1. e4 c5 2. Nf3 d6 3. d4 cxd4 4. Nxd4 Nf6 5. Nc3 a6 6. Bc4 e6 7. Bg5 Nbd7 8. 0-0 Qc7 9. Bb3 Nc5 10. f3 Be7 11. Kh1 0-0 12. Rc1 b5 13. a3 Bb7 14. Ba2 Rac8 15. Nce2 d5 16. exd5 Nxd5 17. Bxe7 Ne3 18. Qe1 Qxe7 19. Rf2 e5 20. Nb3 Na4 21. Nc3 Nxc3 22. Qxe3 Nxa2 23. Ra1 Rfd8 24. Re2 Bd5 25. Rxa2 Rxc2 26. Rxc2 Bxb3 27. Qxb3 0-1

[Event "Aurora Spring op U2000"]
[Site "Aurora"]
[Date "2018.03.24"]
[Round "1.13"]
[White "Crnilovic, Grisha"]
[Black "Joseph Benher, Savio"]
[Result "1-0"]
[WhiteElo "1542"]
[BlackElo "1743"]
[PlyCount "71"]
[EventDate "2018.03.24"]
[EventType "swiss"]
[EventRounds "5"]
[EventCountry "CAN"]
[SourceTitle "EXT 2022"]
[Source "ChessBase"]
[SourceDate "2021.10.06"]
[SourceVersion "1"]
[SourceVersionDate "2021.10.06"]
[SourceQuality "1"]

1. e4 c5 2. Nf3 d6 3. d4 cxd4 4. Nxd4 Nf6 5. Nc3 g6 6. Bc4 Bg7 7. Be3 0-0 8. Qd2 Ng4 9. Bg5 Qc7 10. Bb3 Qc5 11. Nf3 Nc6 12. h3 Nge5 13. Be3 Nxf3+ 14. gxf3 Qh5 15. 0-0-0 Qxf3 16. h4 h5 17. Rdg1 Bg4 18. Nd5 Qxe4 19. Nf4 Nd4 20. Bd5 Qe5 21. Nxg6 Nb3+ 22. cxb3 Rac8+ 23. Bc4 Qe4 24. Nxf8 d5 25. Qc2 Qxc2+ 26. Kxc2 Kxf8 27. Rh2 b5 28. Rhg2 bxc4 29. bxc4 Rxc4+ 30. Kb3 Rc7 31. f3 Rb7+ 32. Ka3 d4 33. fxg4 hxg4 34. Rxg4 dxe3 35. Rxg7 f5 36. R7g5 1-0

[Event "Canadian op U1800"]
[Site "Sault Ste Marie"]
[Date "2017.07.13"]
[Round "6.34"]
[White "Crnilovic, Grisha"]
[Black "Armstrong, Robert J"]
[Result "1-0"]
[WhiteElo "1617"]
[BlackElo "1503"]
[PlyCount "72"]
[EventDate "2017.07.08"]
[EventType "swiss"]
[EventRounds "9"]
[EventCountry "CAN"]
[SourceTitle "EXT 2022"]
[Source "ChessBase"]
[SourceDate "2021.10.06"]
[SourceVersion "1"]
[SourceVersionDate "2021.10.06"]
[SourceQuality "1"]

1. e4 g6 2. d4 Bg7 3. Nf3 c5 4. d5 d6 5. Nc3 Qa5 6. Bd2 Qb4 7. Nb5 Qxe4+ 8. Qe2 Qxe2+ 9. Bxe2 Na6 10. Rb1 Nf6 11. c4 0-0 12. Nc3 Bf5 13. Rc1 Nb4 14. 0-0 Nd3 15. Rb1 Ng4 16. Nh4 Ndxf2 17. Nxf5 gxf5 18. h3 Bd4 19. Be1 Nxh3+ 20. Kh1 Ngf2+ 21. Kh2 Be5+ 22. g3 f4 23. gxf4 Bxf4+ 24. Kg2 Kh8 25. Bxf2 Nxf2 26. Kxf2 Rg8 27. Rh1 Rg3 28. Ne4 Re3 29. Bf3 Rg8 30. Rbg1 f5 31. Rxg8+ Kxg8 32. Ng3 Re5 33. Nh5 Be3+ 34. Kg3 Bd4 35. Rh2 Re1 36. Rg2 Be5+ 1-0

[Event "Canadian op U1800"]
[Site "Sault Ste Marie"]
[Date "2017.07.12"]
[Round "5.33"]
[White "Itkin, Victor"]
[Black "Crnilovic, Grisha"]
[Result "1-0"]
[WhiteElo "1761"]
[BlackElo "1617"]
[PlyCount "62"]
[EventDate "2017.07.08"]
[EventType "swiss"]
[EventRounds "9"]
[EventCountry "CAN"]
[SourceTitle "EXT 2022"]
[Source "ChessBase"]
[SourceDate "2021.10.06"]
[SourceVersion "1"]
[SourceVersionDate "2021.10.06"]
[SourceQuality "1"]

1. e4 c5 2. Nf3 Nc6 3. d4 cxd4 4. Nxd4 Nf6 5. Nc3 a6 6. Be2 e6 7. 0-0 b5 8. Nxc6 dxc6 9. Qxd8+ Kxd8 10. Rd1+ Ke8 11. Bg5 Be7 12. e5 Nd5 13. Nxd5 exd5 14. Bxe7 Kxe7 15. f4 Bf5 16. Bf3 Rac8 17. c3 Rhg8 18. Kf2 g6 19. g4 Be6 20. a4 f5 21. exf6+ Kxf6 22. g5+ Ke7 23. axb5 axb5 24. Re1 Kd6 25. Ra7 Bd7 26. Rxd7+ Kxd7 27. Bg4+ Kd8 28. Bxc8 Kxc8 29. Re7 h6 30. gxh6 Rh8 31. h7 Kd8 1-0

[Event "Canadian op U1800"]
[Site "Sault Ste Marie"]
[Date "2017.07.09"]
[Round "2.23"]
[White "Benggawan, Undriadi"]
[Black "Crnilovic, Grisha"]
[Result "1/2-1/2"]
[WhiteElo "1639"]
[BlackElo "1617"]
[PlyCount "118"]
[EventDate "2017.07.08"]
[EventType "swiss"]
[EventRounds "9"]
[EventCountry "CAN"]
[SourceTitle "EXT 2022"]
[Source "ChessBase"]
[SourceDate "2021.10.06"]
[SourceVersion "1"]
[SourceVersionDate "2021.10.06"]
[SourceQuality "1"]

1. d4 e5 2. dxe5 Nc6 3. Nf3 Qe7 4. Nbd2 Nxe5 5. Nxe5 Qxe5 6. Nf3 Qd6 7. Qd3 Qxd3 8. cxd3 Nf6 9. e4 Bb4+ 10. Bd2 Bxd2+ 11. Nxd2 0-0 12. d4 Re8 13. Bd3 Nxe4 14. Nxe4 d5 15. Kd2 dxe4 16. Rhe1 Bf5 17. Bc4 Rad8 18. Kc3 Be6 19. b3 c6 20. Re3 b5 21. Be2 f5 22. Re1 Bd5 23. g3 g5 24. Bh5 f4 25. R3e2 Re6 26. f3 e3 27. gxf4 gxf4 28. Rg1+ Kf8 29. Kd3 Rh6 30. Rg5 Bf7 31. Bxf7 Kxf7 32. Reg2 Rg6 33. R5g4 Rdg8 34. Rxf4+ Ke7 35. Re4+ Kd7 36. Rgg4 Rxg4 37. fxg4 Rg6 38. h4 Kd6 39. Kxe3 c5 40. dxc5+ Kxc5 41. g5 Ra6 42. b4+ Kd5 43. Rd4+ Ke5 44. Rd2 Ra3+ 45. Kf2 Rh3 46. Rd7 Rxh4 47. Rxa7 Rxb4 48. Rxh7 Kf5 49. Ra7 Kxg5 50. Ke3 Ra4 51. Rxa4 bxa4 52. Kd4 Kf4 53. Kc4 Ke4 54. Kb4 Kd4 55. a3 Kd5 56. Kxa4 Kc4 57. Ka5 Kc5 58. a4 Kc6 59. Ka6 Kc7 1/2-1/2

[Event "Canadian op U1800"]
[Site "Sault Ste Marie"]
[Date "2017.07.08"]
[Round "1.28"]
[White "Crnilovic, Grisha"]
[Black "Thomson, Bruce"]
[Result "1-0"]
[WhiteElo "1617"]
[BlackElo "1371"]
[PlyCount "97"]
[EventDate "2017.07.08"]
[EventType "swiss"]
[EventRounds "9"]
[EventCountry "CAN"]
[SourceTitle "EXT 2022"]
[Source "ChessBase"]
[SourceDate "2021.10.06"]
[SourceVersion "1"]
[SourceVersionDate "2021.10.06"]
[SourceQuality "1"]

1. e4 c6 2. d4 d5 3. exd5 cxd5 4. c4 Nf6 5. Nc3 Nc6 6. Nf3 Bg4 7. Be3 dxc4 8. Bxc4 e6 9. 0-0 Be7 10. h3 Bh5 11. g4 Bg6 12. Ne5 Nxe5 13. dxe5 Nd7 14. f4 h6 15. Bb5 a6 16. Bxd7+ Qxd7 17. Qxd7+ Kxd7 18. Rad1+ Kc6 19. f5 exf5 20. gxf5 Bh5 21. Rc1 Bg5 22. Bxg5 hxg5 23. Na4+ Kb5 24. Nc3+ Kb6 25. Nd5+ Ka7 26. Rc7 Rhd8 27. Ne3 Rac8 28. Rfc1 Rxc7 29. Rxc7 Kb8 30. Re7 b5 31. e6 Rf8 32. Ng4 fxe6 33. fxe6 Re8 34. Rxg7 Rxe6 35. Rxg5 Bxg4 36. Rxg4 Rh6 37. Kg2 Kc7 38. Kg3 Kd6 39. Rg5 Ke6 40. h4 Kf6 41. Kg4 Rg6 42. Rxg6+ Kxg6 43. Kf4 a5 44. Ke4 Kh5 45. Kd4 Kxh4 46. Kc5 Kg5 47. Kxb5 a4 48. Kxa4 Kf6 49. Kb5 1-0

[Event "Scarborough CC Frost U1800"]
[Site "Toronto"]
[Date "2012.01.19"]
[Round "3"]
[White "Crnilovic, Grisha"]
[Black "Song, Eric"]
[Result "0-1"]
[WhiteElo "1592"]
[BlackElo "1644"]
[PlyCount "76"]
[EventDate "2012.01.05"]
[EventType "swiss"]
[EventRounds "6"]
[EventCountry "CAN"]
[SourceTitle "EXT 2022"]
[Source "ChessBase"]
[SourceDate "2021.10.06"]
[SourceVersion "1"]
[SourceVersionDate "2021.10.06"]
[SourceQuality "1"]

1. e4 e5 2. f4 d6 3. Nf3 Nc6 4. Bc4 Nf6 5. d3 Be7 6. 0-0 0-0 7. fxe5 dxe5 8. Bg5 Bg4 9. Nbd2 Nd4 10. c3 Nc6 11. Qe1 h6 12. Bh4 Qd7 13. Bb5 Qd6 14. Bxc6 bxc6 15. d4 Nd7 16. Nc4 Qe6 17. Bxe7 Qxe7 18. Nfxe5 Nxe5 19. Nxe5 Bh5 20. Nxc6 Qd6 21. Ne5 Rab8 22. Qh4 Be2 23. Rf2 Ba6 24. b3 Qe6 25. Re1 Rbd8 26. Ng4 c5 27. Rd2 cxd4 28. cxd4 Qb6 29. Qf2 Qa5 30. Ne5 Qc7 31. Rc2 Qd6 32. Rc6 Qa3 33. Rc7 f5 34. Qh4 Qd6 35. Rc6 Qxd4+ 36. Kh1 Qxe5 37. Rxa6 fxe4 38. Qg3 Qb5 0-1

[Event "Scarborough CC Falling Leaves U1800"]
[Site "Toronto"]
[Date "2011.12.15"]
[Round "7"]
[White "Crnilovic, Grisha"]
[Black "Pishdad, Hassan"]
[Result "1/2-1/2"]
[WhiteElo "1668"]
[BlackElo "1325"]
[PlyCount "111"]
[EventDate "2011.11.03"]
[EventType "swiss"]
[EventRounds "7"]
[EventCountry "CAN"]
[SourceTitle "EXT 2022"]
[Source "ChessBase"]
[SourceDate "2021.10.06"]
[SourceVersion "1"]
[SourceVersionDate "2021.10.06"]
[SourceQuality "1"]

1. e4 c5 2. Nf3 d6 3. d4 cxd4 4. Nxd4 Nc6 5. Nc3 Nf6 6. Bg5 e5 7. Ndb5 a6 8. Na3 Be7 9. Bd3 Qb6 10. Nc4 Qc7 11. Bxf6 Bxf6 12. Nd5 Qd8 13. c3 0-0 14. Qd2 Be6 15. Nce3 Bg5 16. g3 Bxd5 17. exd5 Ne7 18. c4 Qb6 19. 0-0-0 Rac8 20. h4 Bxe3 21. fxe3 Nxd5 22. Bxh7+ Kxh7 23. Qxd5 Qxe3+ 24. Kb1 Rc5 25. Qd3+ Qxd3+ 26. Rxd3 e4 27. Rd4 Rd8 28. b3 f5 29. Kc2 b5 30. Kd2 Re5 31. Ke3 Rc5 32. Rc1 b4 33. Rcd1 Ra5 34. R1d2 g6 35. Kf4 Kg7 36. g4 Kf6 37. Rxd6+ Rxd6 38. Rxd6+ Kg7 39. Rd7+ Kf6 40. g5+ Ke6 41. Rg7 Rxa2 42. Rxg6+ Kf7 43. Rf6+ Kg7 44. Rxf5 Rh2 45. Kxe4 Rxh4+ 46. Rf4 Rh3 47. Rf3 Rh4+ 48. Kd3 Rh5 49. Rf5 Kg6 50. Ra5 Rh3+ 51. Kd4 Rxb3 52. Rxa6+ Kxg5 53. c5 Ra3 54. Rxa3 bxa3 55. Kc3 a2 56. Kb2 1/2-1/2